|
|
|
|
| LEADER |
00592nam a22001697a 4500 |
| 008 |
130711b xxu||||| |||| 00| 0 eng d |
| 999 |
|
|
|c 1062
|d 1062
|
| 020 |
|
|
|a 9780670058167
|
| 082 |
|
|
|a 954.04205
|b NEH
|
| 100 |
|
|
|a Nehru, Jawaharlal
|
| 245 |
|
|
|a Letters from a father to his daughter /
|c illustrated by Aanta Guhathakurta
|
| 260 |
|
|
|a New Delhi :
|b Penguin Random House,
|
| 300 |
|
|
|a 154p.
|
| 600 |
|
|
|a Indhira Gandhi
|
| 650 |
|
|
|a Letters
|
| 942 |
|
|
|2 ddc
|c BK
|
| 952 |
|
|
|0 0
|1 0
|2 ddc
|4 0
|6 954_042050000000000_NEH
|7 0
|9 1097
|a MAIN
|b MAIN
|d 2013-07-11
|g 250.00
|o 954.04205 NEH
|p 1220
|r 2013-07-11
|t 1
|w 2013-07-11
|y BK
|